<?xml version="1.0" encoding="UTF-8"?>
<record
    xmlns:xsi="http://www.w3.org/2001/XMLSchema-instance"
    xsi:schemaLocation="http://www.loc.gov/MARC21/slim http://www.loc.gov/standards/marcxml/schema/MARC21slim.xsd"
    xmlns="http://www.loc.gov/MARC21/slim">

  <leader>01307pam a2200301 a 4500</leader>
  <datafield tag="999" ind1=" " ind2=" ">
    <subfield code="c">18279</subfield>
    <subfield code="d">18279</subfield>
  </datafield>
  <controlfield tag="001">4330645</controlfield>
  <controlfield tag="005">20161205100919.0</controlfield>
  <controlfield tag="008">881025s1989    njuaf    b    001 0 eng  </controlfield>
  <datafield tag="010" ind1=" " ind2=" ">
    <subfield code="a">   88039313 </subfield>
  </datafield>
  <datafield tag="020" ind1=" " ind2=" ">
    <subfield code="a">0691040656 (alk. paper) :</subfield>
    <subfield code="c">$60.00</subfield>
  </datafield>
  <datafield tag="040" ind1=" " ind2=" ">
    <subfield code="a">DLC</subfield>
    <subfield code="c">DLC</subfield>
    <subfield code="d">DLC</subfield>
  </datafield>
  <datafield tag="050" ind1="0" ind2="0">
    <subfield code="a">ND673.R9 </subfield>
    <subfield code="b">A67 1989</subfield>
  </datafield>
  <datafield tag="100" ind1="1" ind2=" ">
    <subfield code="a">Millen, Ronald.</subfield>
  </datafield>
  <datafield tag="245" ind1="1" ind2="0">
    <subfield code="a">Heroic deeds and mystic figures :</subfield>
    <subfield code="b">a new reading of Rubens' Life of Maria de' Medici /</subfield>
    <subfield code="c">Ronald Forsyth Millen and Robert Erich Wolf.</subfield>
  </datafield>
  <datafield tag="260" ind1=" " ind2=" ">
    <subfield code="a">Princeton, N.J. :</subfield>
    <subfield code="b">Princeton University Press,</subfield>
    <subfield code="c">c1989.</subfield>
  </datafield>
  <datafield tag="300" ind1=" " ind2=" ">
    <subfield code="a">xiv, 256 p., [63] p. of plates :</subfield>
    <subfield code="b">ill. ;</subfield>
    <subfield code="c">29 cm.</subfield>
  </datafield>
  <datafield tag="500" ind1=" " ind2=" ">
    <subfield code="a">Includes index.</subfield>
  </datafield>
  <datafield tag="504" ind1=" " ind2=" ">
    <subfield code="a">Bibliography: p. 244-248.</subfield>
  </datafield>
  <datafield tag="600" ind1="1" ind2="0">
    <subfield code="a">Rubens, Peter Paul,</subfield>
    <subfield code="d">1577-1640.</subfield>
    <subfield code="t">Histories of Marie de M&#xE9;dicis.</subfield>
  </datafield>
  <datafield tag="600" ind1="1" ind2="0">
    <subfield code="a">Rubens, Peter Paul,</subfield>
    <subfield code="d">1577-1640</subfield>
    <subfield code="x">Criticism and interpretation.</subfield>
  </datafield>
  <datafield tag="600" ind1="0" ind2="0">
    <subfield code="a">Marie de M&#xE9;dicis,</subfield>
    <subfield code="c">Queen, consort of Henry IV, King of France,</subfield>
    <subfield code="d">1573-1642</subfield>
    <subfield code="v">Portraits.</subfield>
  </datafield>
  <datafield tag="700" ind1="1" ind2=" ">
    <subfield code="a">Wolf, Robert Erich.</subfield>
  </datafield>
  <datafield tag="942" ind1=" " ind2=" ">
    <subfield code="2">lcc</subfield>
    <subfield code="c">BOOKS</subfield>
    <subfield code="h">ND673.R9 A67 1989</subfield>
  </datafield>
  <datafield tag="952" ind1=" " ind2=" ">
    <subfield code="0">0</subfield>
    <subfield code="1">0</subfield>
    <subfield code="2">lcc</subfield>
    <subfield code="4">0</subfield>
    <subfield code="7">0</subfield>
    <subfield code="a">MUC</subfield>
    <subfield code="b">MUC</subfield>
    <subfield code="c">GEN</subfield>
    <subfield code="d">2016-12-05</subfield>
    <subfield code="e">Donation(B.F.A)</subfield>
    <subfield code="l">0</subfield>
    <subfield code="o">ND673.R9 A67 1989</subfield>
    <subfield code="p">28977</subfield>
    <subfield code="r">2016-12-05</subfield>
    <subfield code="w">2016-12-05</subfield>
    <subfield code="y">BOOKS</subfield>
  </datafield>
</record>
